| 000 | 00493nam a2200205Ia 4500 | ||
|---|---|---|---|
| 003 | OSt | ||
| 005 | 20140319102147.0 | ||
| 008 | 140130s9999 xx 000 0 und d | ||
| 020 | _a9780439116633 | ||
| 050 |
_aPS 643 _b.M681 1996 |
||
| 100 | _aMitchell, Robin | ||
| 245 |
_cRobin Mitchell. _aLittle Sister / |
||
| 260 |
_bScholastic, _c1996. _aNew York : |
||
| 300 |
_a7 p. : _bcol. ill. ; _c17 cm. |
||
| 440 | _v1 | ||
| 521 | _aBR | ||
| 526 | _cBR | ||
| 942 |
_cBK _2lcc |
||
| 999 |
_c41518 _d41518 |
||